000 01020nas a2200277 4500
001 BR2012000447
003 BR-BrBNA
005 20231205120018.0
007 ta
008 230509b bl.|||p| |||| 00| 00por d
040 _aBR-BrBNA
_bpor
_cBiblioteca Nacional de Agricultura
041 _a(Pt)
072 _aF50
100 1 _aLusa, M.G.
100 1 _aBona, C.
245 1 _aCaracterização morfoanatômica e histoquímica de Cuphea carthagenensis (Jacq.)J.F. Macbr. (Lythraceae)
246 1 _aMorphological, anatomical and histochemical characterization of Cuphea carthagenensis (Jacq.)J.F. Macbr. (Lythraceae)
650 _aLYTHRACEAE
650 _aMORFOLOGIA VEGETAL
650 _aANATOMIA VEGETAL
650 _aHISTOQUÍMICA
773 0 _tActa Botanica Brasilica (Brazil)
_xISSN 0102-3306
_g(Apr-Jun 2011), v. 25(2) p. 517-527
_wBR2012000447
856 4 _uhttp://www.scielo.br/pdf/abb/v25n2/a27v25n2.pdf
_yRecurso eletrônico (PDF)
909 _a202311
_bLúcia
_c55
_dLúcia Elande
942 _2AGRIS
_n0
_cANA
999 _c216678
_d216678